01469nam a22003377i 4500003000900000005001700009008004100026040004600067041000800113082002800121092000700149099003600156100003900192245007800231264007300309300003300382336002200415337002400437338003300461490004700494504006100541546004100602650003200643651001000675856005700685905000700742942001900749999001700768952017300785952017300958EG-GICUC20260121101529.0251220s1966    ua ||||fr|||| 00| 0 ara d  a EG-GICUCbarac EG-GICUCd EG-GICUCerda  aara04221a343.551bم ح . م04221  aLaw1 10	343.551 م ح . م 19660 aمحمد الفاضلeمؤلف.11aمحاضرات فى تسليم المجرمين /cمحمد الفاضل. 1aالقاهرة : bمعهد الدراسات العربية،c1966.  a440 ؛ صفحةc24 سم.b   2rda contentatext  2rda mediaaComputer  2rda carrieraOnline Resource0 aالالف كتاب (الثاني) ؛v50.  aيحتوي على ارجاعات ببليوجرافية
  aالنص باللغة العربية14aتسليم المجرمين1 2qrmak40uhttps://fll.law.cu.edu.eg/fulltext/bks/B10-07198.pdf  a75  2ddccBKe21n0  c52010d52010  00102ddc40708القانون الجنائيaCUbLAW1d2025-12-20l0oLaw1 10	343.551 م ح . م 1966 1007198	C2pB10-07198r2025-12-20 17:15:00t2w2025-12-20yBK  00102ddc40718القانون الجنائيaCUbLAW1d2025-12-20l0oLaw1 10	343.551 م ح . م 1966 1006756	C1pB10-06756r2025-12-20 17:16:00t1w2025-12-20yBK